Súčasnosť, globalizácia a niektoré etické kontexty

Globalizácia ako najvýraznejší proces v súčasnosti, ktorý prelamuje hranice starého usporiadania sveta. Prehlbovanie problémov v globálnej spoločnosti. Etické a širšie hodnoty jednotlivých civilizácií.

Salvato in:
Dettagli Bibliografici
Autore principale: Márton, Milan
Natura: Capitolo di libro
Lingua:slovacco
Soggetti:
Tags: Aggiungi Tag
Nessun Tag, puoi essere il primo ad aggiungerne!!

MARC

LEADER 00000naa$a2200000$$$4500
001 0226549
005 20240502083606.6
041 0 |a slo 
044 |a CZ 
245 1 0 |a Súčasnosť, globalizácia a niektoré etické kontexty  |c Milan Márton 
520 |a Globalizácia ako najvýraznejší proces v súčasnosti, ktorý prelamuje hranice starého usporiadania sveta. Prehlbovanie problémov v globálnej spoločnosti. Etické a širšie hodnoty jednotlivých civilizácií. 
610 2 0 |a globalizácia 
610 2 0 |a civilizácia 
610 2 0 |a ideológia 
610 2 0 |a vzťahy interkultúrne 
610 2 0 |a vzťahy politické medzinárodné 
610 2 0 |a bezpečnosť medzinárodná 
100 1 |a Márton, Milan